[Event "Berlin-ch Seniors op 36th"]
[Site "Berlin"]
[Date "2020.02.03"]
[Round "6.11"]
[White "Grunewald, Peter"]
[Black "Weigelt, Reinhard"]
[Result "1/2-1/2"]
[WhiteElo "1793"]
[BlackElo "2002"]
[PlyCount "51"]
[EventDate "2020.01.28"]
[EventType "swiss"]
[EventRounds "9"]
[EventCountry "GER"]
[SourceTitle "EXT 2024"]
[Source "ChessBase"]
[SourceDate "2023.10.10"]
[SourceVersion "1"]
[SourceVersionDate "2023.10.10"]
[SourceQuality "1"]

1. c4 g6 2. Nc3 Bg7 3. d4 c5 4. e3 cxd4 5. exd4 Nf6 6. Nf3 0-0 7. Be2 d6 8. 0-0 Nbd7 9. h3 b6 10. Be3 Bb7 11. Qd2 d5 12. cxd5 Nxd5 13. Bh6 Nxc3 14. bxc3 e6 15. Bxg7 Kxg7 16. Nh2 Qe7 17. Bf3 Bxf3 18. Nxf3 Nf6 19. Rfe1 Qa3 20. Re2 Rac8 21. Rc1 Rc7 22. Qe1 Rfc8 23. Rec2 b5 24. Qe5 a6 25. Ng5 Qe7 26. Ne4 1/2-1/2

[Event "Berlin-ch Seniors op 34th"]
[Site "Berlin"]
[Date "2018.02.02"]
[Round "4"]
[White "Weigelt, Reinhard"]
[Black "Bluhm, Guenter"]
[Result "1/2-1/2"]
[WhiteElo "2012"]
[BlackElo "1783"]
[PlyCount "34"]
[EventDate "2018.01.30"]
[EventType "swiss"]
[EventRounds "9"]
[EventCountry "GER"]
[SourceTitle "EXT 2020"]
[Source "ChessBase"]
[SourceDate "2019.10.17"]
[SourceVersion "1"]
[SourceVersionDate "2019.10.17"]
[SourceQuality "1"]

1. e4 e5 2. f4 exf4 3. Nf3 g5 4. Bc4 g4 5. Ne5 Nh6 6. 0-0 d6 7. Nd3 f3 8. gxf3 gxf3 9. Qxf3 Rg8+ 10. Kh1 Be6 11. Bxe6 fxe6 12. Qh5+ Kd7 13. Nf4 Qf6 14. Qh3 Nc6 15. c3 Re8 16. d4 Re7 17. Be3 Ng4 1/2-1/2

[Event "Berlin-ch Seniors op 33rd"]
[Site "Berlin"]
[Date "2017.02.08"]
[Round "8"]
[White "Weigelt, Reinhard"]
[Black "Rollwitz, Juergen"]
[Result "1/2-1/2"]
[WhiteElo "2011"]
[BlackElo "1931"]
[PlyCount "25"]
[EventDate "2017.01.31"]
[EventType "swiss"]
[EventRounds "9"]
[EventCountry "GER"]
[SourceTitle "EXT 2019"]
[Source "ChessBase"]
[SourceDate "2018.10.10"]
[SourceVersion "1"]
[SourceVersionDate "2018.10.10"]
[SourceQuality "1"]

1. e4 e5 2. f4 d5 3. exd5 exf4 4. Nf3 Nf6 5. Nc3 Nxd5 6. Bc4 Be6 7. Bxd5 Bxd5 8. Qe2+ Be7 9. 0-0 Nc6 10. Ne5 0-0 11. Nxc6 Bxc6 12. d3 f3 13. gxf3 1/2-1/2

[Event "Berlin-ch Seniors op 33rd"]
[Site "Berlin"]
[Date "2017.02.07"]
[Round "7"]
[White "Stein, Siegfried"]
[Black "Weigelt, Reinhard"]
[Result "0-1"]
[WhiteElo "1846"]
[BlackElo "2011"]
[PlyCount "61"]
[EventDate "2017.01.31"]
[EventType "swiss"]
[EventRounds "9"]
[EventCountry "GER"]
[SourceTitle "EXT 2019"]
[Source "ChessBase"]
[SourceDate "2018.10.10"]
[SourceVersion "1"]
[SourceVersionDate "2018.10.10"]
[SourceQuality "1"]

1. e4 g6 2. d4 Bg7 3. f4 d6 4. Nc3 Nd7 5. Nf3 e6 6. Bd3 Ne7 7. 0-0 c6 8. Be3 0-0 9. Qe1 d5 10. e5 Nf5 11. Bf2 Bh6 12. g4 Ne7 13. Be3 f5 14. exf6 Nxf6 15. g5 Ng4 16. gxh6 Nf5 17. Bxf5 Rxf5 18. Ng5 Qb6 19. Nd1 Bd7 20. c3 Raf8 21. Qh4 Nf6 22. Rc1 Qa6 23. a3 Qd3 24. Qg3 Nh5 25. Qg2 b6 26. Qc2 Rxg5+ 27. Kf2 Nxf4 28. Qxd3 Nxd3+ 29. Ke2 Rg2+ 30. Nf2 Nxc1+ 31. Bxc1 0-1

[Event "Berlin-ch Seniors op 33rd"]
[Site "Berlin"]
[Date "2017.02.01"]
[Round "2"]
[White "Weigelt, Reinhard"]
[Black "Fey, Jens"]
[Result "1-0"]
[WhiteElo "2011"]
[BlackElo "1630"]
[PlyCount "55"]
[EventDate "2017.01.31"]
[EventType "swiss"]
[EventRounds "9"]
[EventCountry "GER"]
[SourceTitle "EXT 2019"]
[Source "ChessBase"]
[SourceDate "2018.10.10"]
[SourceVersion "1"]
[SourceVersionDate "2018.10.10"]
[SourceQuality "1"]

1. e4 e5 2. f4 exf4 3. Nf3 d6 4. d4 Be7 5. Bxf4 Nf6 6. Bd3 0-0 7. 0-0 Nbd7 8. c3 Nb6 9. Qc2 h6 10. Nbd2 Nh5 11. Be3 Nf6 12. h3 Nh7 13. Kh2 Ng5 14. Nxg5 Bxg5 15. Bxg5 Qxg5 16. Rf3 Qe7 17. Raf1 Bd7 18. Rg3 Ba4 19. b3 Bd7 20. Nf3 f6 21. Nh4 Rf7 22. Ng6 Qd8 23. a4 Be6 24. c4 Nc8 25. Qd2 Rd7 26. Nh4 Bf7 27. Qxh6 g6 28. Nxg6 1-0

[Event "Berlin-ch Seniors op 28th"]
[Site "Berlin"]
[Date "2012.01.30"]
[Round "4.3"]
[White "Weigelt, Reinhard"]
[Black "Grottke, Hans Joachim"]
[Result "0-1"]
[WhiteElo "1921"]
[BlackElo "2163"]
[PlyCount "96"]
[EventDate "2012.01.27"]
[EventType "swiss"]
[EventRounds "9"]
[EventCountry "GER"]
[SourceTitle "EXT 2022"]
[Source "ChessBase"]
[SourceDate "2021.10.06"]
[SourceVersion "1"]
[SourceVersionDate "2021.10.06"]
[SourceQuality "1"]

1. e4 e6 2. d4 d5 3. exd5 exd5 4. Bd3 Bd6 5. Nf3 Nf6 6. 0-0 0-0 7. Bg5 Bg4 8. Nbd2 Nbd7 9. c3 c6 10. Qc2 Qc7 11. Rfe1 Rfe8 12. h3 Bh5 13. Bf5 Bg6 14. Bxg6 hxg6 15. Re3 Rxe3 16. Bxe3 b6 17. Re1 Re8 18. Bg5 Rxe1+ 19. Nxe1 Nf8 20. Nd3 Ne6 21. Be3 c5 22. Nf3 c4 23. Nde5 b5 24. a3 a5 25. Qc1 Ne4 26. Bd2 Qa7 27. Qe1 Qb6 28. g3 Nf8 29. Kg2 Qc7 30. Ng4 Nd7 31. Ne3 Nxd2 32. Nxd2 Nf6 33. Qe2 Qe7 34. Qf3 Qe6 35. Ng4 Nd7 36. Ne3 Nb6 37. Qg4 Qxg4 38. hxg4 Kf8 39. f4 Ke7 40. Nf3 f6 41. g5 Ke6 42. Kh3 Na4 43. Nd1 Nxb2 44. Nxb2 Bxa3 45. Nd1 b4 46. gxf6 gxf6 47. Nd2 Bc1 48. Nb1 b3 0-1

[Event "Berlin-ch Seniors op 27th"]
[Site "Berlin"]
[Date "2011.02.03"]
[Round "6"]
[White "Weigelt, Reinhard"]
[Black "Becker, Lothar"]
[Result "0-1"]
[WhiteElo "1860"]
[BlackElo "2070"]
[PlyCount "91"]
[EventDate "2011.01.29"]
[EventType "swiss"]
[EventRounds "9"]
[EventCountry "GER"]
[SourceTitle "EXT 2012"]
[Source "ChessBase"]
[SourceDate "2011.11.24"]
[SourceVersion "1"]
[SourceVersionDate "2011.11.24"]
[SourceQuality "1"]

1. e4 c6 2. d4 d6 3. Nf3 Bg4 4. Bd3 Nd7 5. 0-0 Ngf6 6. c3 e5 7. Be3 Be7 8. Nbd2 0-0 9. Qc2 Qc7 10. h3 Bh5 11. a3 Rfe8 12. dxe5 dxe5 13. Rfe1 a6 14. g4 Bg6 15. Nh4 b5 16. Nxg6 hxg6 17. c4 Rab8 18. cxb5 axb5 19. b4 c5 20. bxc5 Bxc5 21. Rec1 Qd6 22. Bxc5 Nxc5 23. Bf1 Ne6 24. Nb3 Nd4 25. Nxd4 Qxd4 26. Re1 Rec8 27. Qb1 Rc3 28. Kg2 Qc5 29. a4 b4 30. a5 Ra8 31. a6 Ra7 32. Bd3 Nd7 33. Rd1 Nb6 34. Rc1 Rd7 35. Rxc3 Qxc3 36. Bf1 Rd2 37. Qe1 Qd4 38. a7 Na8 39. Rc1 Nb6 40. Rc8+ Kh7 41. Rb8 Ra2 42. Rb7 b3 43. g5 b2 44. Bd3 Rxa7 45. Rxb6 Qxd3 46. f3 0-1

[Event "Berlin-ch Seniors op 27th"]
[Site "Berlin"]
[Date "2011.02.01"]
[Round "4"]
[White "Weigelt, Reinhard"]
[Black "Schulz, Wolfgang"]
[Result "1/2-1/2"]
[WhiteElo "1860"]
[BlackElo "2061"]
[PlyCount "68"]
[EventDate "2011.01.29"]
[EventType "swiss"]
[EventRounds "9"]
[EventCountry "GER"]
[SourceTitle "EXT 2012"]
[Source "ChessBase"]
[SourceDate "2011.11.24"]
[SourceVersion "1"]
[SourceVersionDate "2011.11.24"]
[SourceQuality "1"]

1. e4 e5 2. f4 d5 3. exd5 c6 4. Qe2 cxd5 5. Qxe5+ Be7 6. Nf3 Nf6 7. Bb5+ Nc6 8. d4 0-0 9. Bxc6 bxc6 10. 0-0 Re8 11. Qe2 Qb6 12. Qd1 Ba6 13. Re1 c5 14. c3 cxd4 15. cxd4 Bb4 16. Nc3 Rxe1+ 17. Qxe1 Re8 18. Qf2 Ne4 19. Nxe4 dxe4 20. Ne5 Rd8 21. Be3 f6 22. d5 Qb7 23. Nc6 Rxd5 24. Nxb4 Qxb4 25. h3 Qd6 26. a3 Bb7 27. Rc1 a6 28. Re1 f5 29. Rc1 g6 30. Qc2 Qe7 31. Kh2 h5 32. Qf2 Qd7 33. Rc3 Rd3 34. Qc2 Rxc3 1/2-1/2

[Event "Berlin-ch Seniors op 26th"]
[Site "Berlin"]
[Date "2010.02.09"]
[Round "1"]
[White "Hess, Helmut"]
[Black "Weigelt, Reinhard"]
[Result "0-1"]
[WhiteElo "1596"]
[BlackElo "1853"]
[PlyCount "96"]
[EventDate "2010.02.09"]
[EventType "swiss"]
[EventRounds "9"]
[EventCountry "GER"]
[SourceTitle "EXT 2012"]
[Source "ChessBase"]
[SourceDate "2011.11.24"]
[SourceVersion "1"]
[SourceVersionDate "2011.11.24"]
[SourceQuality "1"]

1. f4 d5 2. Nf3 Nf6 3. e3 Bg4 4. Be2 Bxf3 5. Bxf3 e6 6. b3 Bd6 7. Bb2 Nbd7 8. 0-0 0-0 9. d3 c6 10. Nd2 Qb6 11. d4 c5 12. Kh1 cxd4 13. Bxd4 Bc5 14. c3 a5 15. Rb1 Bxd4 16. cxd4 Qb4 17. a4 Rac8 18. Rc1 Rc3 19. Rxc3 Qxc3 20. Re1 Rc8 21. h3 g6 22. Kh2 Qb2 23. Nb1 Rc2 24. Re2 Rxe2 25. Bxe2 Ne4 26. Bd3 Nf2 27. Qc2 Nxd3 28. Qxd3 Qf2 29. Nc3 Qb2 30. Nd1 Qc1 31. Nf2 Nf6 32. Qe2 h5 33. Kg3 Qc3 34. Qd3 Ne4+ 35. Kh2 Qd2 36. Qxd2 Nxd2 37. Kg3 Nxb3 38. Nd3 Kf8 39. Kf2 Nd2 40. g4 hxg4 41. hxg4 Ne4+ 42. Kf3 Ke7 43. g5 b6 44. Kg4 Nc3 45. Nb2 Kd6 46. Kf3 Kc6 47. Kg4 b5 48. axb5+ Kxb5 0-1

[Event "Berlin qualification op"]
[Site "Berlin"]
[Date "2009.04.15"]
[Round "5"]
[White "Hahlbohm, Matthias"]
[Black "Weigelt, Reinhard"]
[Result "1-0"]
[WhiteElo "2082"]
[BlackElo "2041"]
[PlyCount "87"]
[EventDate "2009.04.11"]
[EventType "swiss"]
[EventRounds "9"]
[EventCountry "GER"]
[SourceTitle "EXT 2012"]
[Source "ChessBase"]
[SourceDate "2011.11.24"]
[SourceVersion "1"]
[SourceVersionDate "2011.11.24"]
[SourceQuality "1"]

1. e4 c6 2. d4 d5 3. e5 Bf5 4. Bd3 Bxd3 5. Qxd3 e6 6. f4 g6 7. Be3 Nh6 8. Ne2 Ng4 9. Bg1 h5 10. Nd2 Qb6 11. Nb3 Nd7 12. h3 Nh6 13. g4 a5 14. a4 Bb4+ 15. Nc3 hxg4 16. hxg4 0-0-0 17. Qf3 Qa6 18. Bf2 Qc4 19. 0-0-0 Bxc3 20. bxc3 Nb6 21. Bh4 Qxa4 22. Kd2 Nc4+ 23. Ke2 Rde8 24. Bg5 Qb5 25. Kf2 Nxg4+ 26. Qxg4 a4 27. Na1 Qb2 28. Qf3 Rxh1 29. Qxh1 Qxc3 30. Qf3 Qb2 31. Bf6 b5 32. Qd3 b4 33. Kg3 Rg8 34. Rh1 Kd7 35. Kh4 Ke8 36. Kg5 b3 37. Kh6 Qa3 38. cxb3 c5 39. Kh7 Kf8 40. dxc5 g5 41. Qh3 Rg6 42. bxc4 Qxc5 43. Rg1 Qc8 44. Qa3+ 1-0

[Event "Berlin-ch Seniors op 25th"]
[Site "Berlin"]
[Date "2009.02.20"]
[Round "9.10"]
[White "Weigelt, Reinhard"]
[Black "Ahlberg, Guenter"]
[Result "0-1"]
[WhiteElo "1826"]
[BlackElo "2043"]
[PlyCount "59"]
[EventDate "2009.02.12"]
[EventType "swiss"]
[EventRounds "9"]
[EventCountry "GER"]
[SourceTitle "EXT 2022"]
[Source "ChessBase"]
[SourceDate "2021.10.06"]
[SourceVersion "1"]
[SourceVersionDate "2021.10.06"]
[SourceQuality "1"]

1. e4 c6 2. d4 d5 3. exd5 cxd5 4. c4 Nf6 5. Nc3 e6 6. Nf3 Bb4 7. Bg5 Qa5 8. Qc2 Ne4 9. Bd2 Nxd2 10. Qxd2 0-0 11. cxd5 exd5 12. Be2 Nd7 13. 0-0 Nf6 14. Qc2 Be6 15. Bd3 Rac8 16. Rac1 Rc7 17. Ng5 h6 18. Nxe6 fxe6 19. Rfe1 Rfc8 20. Re3 Kh8 21. Bg6 e5 22. a3 exd4 23. axb4 Qxb4 24. Re6 dxc3 25. b3 Qf4 26. g3 Qd2 27. Re2 Qxc2 28. Rexc2 d4 29. Rd1 Rd8 30. Kf1 0-1

[Event "Berlin-ch Seniors op 25th"]
[Site "Berlin"]
[Date "2009.02.18"]
[Round "7.4"]
[White "Shapiro, Yosip"]
[Black "Weigelt, Reinhard"]
[Result "1-0"]
[WhiteElo "2109"]
[BlackElo "1826"]
[PlyCount "77"]
[EventDate "2009.02.12"]
[EventType "swiss"]
[EventRounds "9"]
[EventCountry "GER"]
[SourceTitle "EXT 2022"]
[Source "ChessBase"]
[SourceDate "2021.10.06"]
[SourceVersion "1"]
[SourceVersionDate "2021.10.06"]
[SourceQuality "1"]

1. e4 c6 2. d4 d5 3. e5 Bf5 4. c3 e6 5. Be3 Qb6 6. Qb3 Qc7 7. Nd2 Nd7 8. Ne2 Bd3 9. f4 Ne7 10. g4 h5 11. gxh5 Nf5 12. Bf2 Rxh5 13. Ng3 Nxg3 14. Bxg3 Bf5 15. Be2 Rh8 16. Nf3 Be7 17. 0-0 g6 18. Rac1 b5 19. Qd1 Kf8 20. Qe1 Qd8 21. Kf2 Kg7 22. Ke3 a6 23. h4 c5 24. Rh1 Bg4 25. Ng5 Bh5 26. Qd2 Qb6 27. Rc2 Rae8 28. Kf2 f6 29. exf6+ Bxf6 30. Bxh5 Rxh5 31. dxc5 Nxc5 32. Kg2 Qc6 33. Kh2 Reh8 34. Qe3 e5 35. Qxc5 Qd7 36. Kg2 exf4 37. Bxf4 Qg4+ 38. Bg3 Bxg5 39. Qc7+ 1-0

[Event "Berlin-ch Seniors op 25th"]
[Site "Berlin"]
[Date "2009.02.15"]
[Round "4.10"]
[White "Weigelt, Reinhard"]
[Black "Hoppensack, Manfred"]
[Result "1-0"]
[WhiteElo "1826"]
[BlackElo "2019"]
[PlyCount "51"]
[EventDate "2009.02.12"]
[EventType "swiss"]
[EventRounds "9"]
[EventCountry "GER"]
[SourceTitle "EXT 2022"]
[Source "ChessBase"]
[SourceDate "2021.10.06"]
[SourceVersion "1"]
[SourceVersionDate "2021.10.06"]
[SourceQuality "1"]

1. e4 e6 2. d4 d5 3. exd5 exd5 4. c4 dxc4 5. Bxc4 Qe7+ 6. Ne2 Be6 7. d5 Qb4+ 8. Nd2 Bg4 9. 0-0 Nd7 10. a3 Qb6 11. Ne4 Ngf6 12. Qc2 Bf5 13. N2g3 Bxe4 14. Nxe4 Nxe4 15. Qxe4+ Kd8 16. b4 Qg6 17. Qe2 Bd6 18. Re1 Be5 19. Bb2 Bd6 20. Rad1 a6 21. Bd3 Qh6 22. g3 Nf6 23. Bf5 Nd7 24. Rd3 f6 25. Qe6 Nb6 26. Rde3 1-0

[Event "Berlin-ch Seniors op 24th"]
[Site "Berlin"]
[Date "2008.02.28"]
[Round "8"]
[White "Pueschel, Werner"]
[Black "Weigelt, Reinhard"]
[Result "1-0"]
[WhiteElo "2077"]
[BlackElo "1818"]
[PlyCount "45"]
[EventDate "2008.02.21"]
[EventType "swiss"]
[EventRounds "9"]
[EventCountry "GER"]
[SourceTitle "EXT 2022"]
[Source "ChessBase"]
[SourceDate "2021.10.06"]
[SourceVersion "1"]
[SourceVersionDate "2021.10.06"]
[SourceQuality "1"]

1. e4 c6 2. d4 d5 3. exd5 cxd5 4. Bd3 Nf6 5. h3 g6 6. Nf3 Bg7 7. c3 Nbd7 8. Bf4 0-0 9. 0-0 Nh5 10. Bh2 Bh6 11. Re1 Nf4 12. Bf1 Nf6 13. Nbd2 Qb6 14. Qb3 Qxb3 15. axb3 Ne6 16. b4 Bd7 17. Nb3 Ne4 18. Ne5 Be8 19. Ng4 Bg5 20. f3 Nd2 21. Nxd2 Bxd2 22. Re5 h5 23. Nf2 1-0

[Event "Berlin-ch Seniors op 24th"]
[Site "Berlin"]
[Date "2008.02.27"]
[Round "7"]
[White "Weigelt, Reinhard"]
[Black "Barwich, Alfred"]
[Result "1/2-1/2"]
[WhiteElo "1818"]
[BlackElo "1919"]
[PlyCount "60"]
[EventDate "2008.02.21"]
[EventType "swiss"]
[EventRounds "9"]
[EventCountry "GER"]
[SourceTitle "EXT 2022"]
[Source "ChessBase"]
[SourceDate "2021.10.06"]
[SourceVersion "1"]
[SourceVersionDate "2021.10.06"]
[SourceQuality "1"]

1. e4 e5 2. f4 exf4 3. Nf3 Nf6 4. Nc3 c6 5. Bc4 d5 6. exd5 cxd5 7. Bb5+ Nc6 8. d4 Bd6 9. 0-0 0-0 10. Bxc6 bxc6 11. Ne1 Qc7 12. Ne2 Ba6 13. Rf3 Rfe8 14. Nd3 Re4 15. Bxf4 Rae8 16. Bxd6 Qxd6 17. Ng3 Ng4 18. Nc5 Be2 19. Ncxe4 Rxe4 20. Qd2 f5 21. Re1 Bxf3 22. gxf3 Rxe1+ 23. Qxe1 Nf6 24. Nxf5 Qd7 25. Qe5 Kf7 26. Nd6+ Kf8 27. Kg2 a5 28. Nf5 Kf7 29. Nd6+ Kf8 30. Nf5 Kf7 1/2-1/2

[Event "Berlin-ch Seniors op 24th"]
[Site "Berlin"]
[Date "2008.02.26"]
[Round "6"]
[White "Keusch, Horst"]
[Black "Weigelt, Reinhard"]
[Result "0-1"]
[WhiteElo "1882"]
[BlackElo "1818"]
[PlyCount "86"]
[EventDate "2008.02.21"]
[EventType "swiss"]
[EventRounds "9"]
[EventCountry "GER"]
[SourceTitle "EXT 2022"]
[Source "ChessBase"]
[SourceDate "2021.10.06"]
[SourceVersion "1"]
[SourceVersionDate "2021.10.06"]
[SourceQuality "1"]

1. d4 f5 2. c4 Nf6 3. Nc3 e6 4. Nf3 Bb4 5. Qc2 0-0 6. Bg5 d6 7. a3 Bxc3+ 8. Qxc3 Nbd7 9. g3 h6 10. Bc1 Ne4 11. Qc2 Ndf6 12. Bg2 Bd7 13. 0-0 Bc6 14. b4 b6 15. Bb2 Qe8 16. Ne1 Ng5 17. f3 Qh5 18. Nd3 Qf7 19. Rae1 Qe8 20. Nf2 Qg6 21. Nd3 Qf7 22. e4 fxe4 23. fxe4 Qd7 24. d5 Ba4 25. Qe2 e5 26. Nf2 Qe7 27. Bc1 Ngh7 28. b5 a6 29. bxa6 Bd7 30. Bh3 Bxh3 31. Nxh3 Qd7 32. Nf2 Qa4 33. Nd1 Qxa6 34. Rf5 g6 35. Rf3 Kg7 36. Rff1 Qc8 37. Qd2 Ng5 38. Re2 Nfxe4 39. Rxf8 Qxf8 40. Qe3 Qf7 41. h4 Rf8 42. hxg5 Qf1+ 43. Kh2 hxg5 0-1

[Event "Berlin-ch Seniors op 24th"]
[Site "Berlin"]
[Date "2008.02.25"]
[Round "5"]
[White "Weigelt, Reinhard"]
[Black "Grunow, Werner1111"]
[Result "1-0"]
[WhiteElo "1818"]
[BlackElo "1691"]
[PlyCount "89"]
[EventDate "2008.02.21"]
[EventType "swiss"]
[EventRounds "9"]
[EventCountry "GER"]
[SourceTitle "EXT 2022"]
[Source "ChessBase"]
[SourceDate "2021.10.06"]
[SourceVersion "1"]
[SourceVersionDate "2021.10.06"]
[SourceQuality "1"]

1. e4 c6 2. d4 d5 3. exd5 cxd5 4. c4 Nf6 5. Nf3 Bf5 6. Nc3 e6 7. cxd5 Nxd5 8. Bb5+ Nc6 9. Qa4 Qb6 10. Nxd5 exd5 11. Ne5 Rc8 12. 0-0 Bd6 13. Be3 0-0 14. Bxc6 bxc6 15. Rfc1 Bxe5 16. dxe5 c5 17. Qf4 Be6 18. Qg3 Bf5 19. Qg5 Bg6 20. f4 d4 21. Bf2 Rfe8 22. b3 h6 23. Qg4 Qe6 24. Qxe6 fxe6 25. Kf1 Bd3+ 26. Ke1 Be4 27. g3 Red8 28. Kd2 Kf7 29. Re1 Bf5 30. Rac1 Rd5 31. Rc4 Rb8 32. Rec1 Rb5 33. Be1 Bh3 34. Ke2 d3+ 35. Kd2 Ra5 36. a4 Bf5 37. Bf2 Kg6 38. Bxc5 Ra6 39. Bd6 Rb6 40. b4 a6 41. a5 Rxa5 42. bxa5 Rb2+ 43. Kc3 Rc2+ 44. Rxc2 dxc2 45. Kd4 1-0

[Event "Berlin-ch Seniors op 24th"]
[Site "Berlin"]
[Date "2008.02.24"]
[Round "4"]
[White "Graul, Dieter"]
[Black "Weigelt, Reinhard"]
[Result "0-1"]
[WhiteElo "1589"]
[BlackElo "1818"]
[PlyCount "90"]
[EventDate "2008.02.21"]
[EventType "swiss"]
[EventRounds "9"]
[EventCountry "GER"]
[SourceTitle "EXT 2022"]
[Source "ChessBase"]
[SourceDate "2021.10.06"]
[SourceVersion "1"]
[SourceVersionDate "2021.10.06"]
[SourceQuality "1"]

1. d4 f5 2. Nf3 Nf6 3. g3 e6 4. Bg2 Be7 5. 0-0 0-0 6. c3 Ne4 7. Nbd2 Nxd2 8. Bxd2 d6 9. Qc2 Nd7 10. Rad1 Nf6 11. Bc1 Ne4 12. Nd2 Nxd2 13. Bxd2 d5 14. f4 c5 15. b3 Bd7 16. Be3 Qb6 17. Kh1 Rac8 18. Qd2 Bb5 19. Bf3 a5 20. Rc1 Rc7 21. dxc5 Bxc5 22. Bxc5 Qxc5 23. a4 Bc6 24. Qd4 Qxd4 25. cxd4 Rfc8 26. Kg2 Be8 27. Rxc7 Rxc7 28. Kf2 Rc3 29. Rb1 Rc6 30. b4 Rc4 31. bxa5 Bc6 32. a6 bxa6 33. Rb6 a5 34. e3 Bxa4 35. Rxe6 Rc2+ 36. Kg1 Bb3 37. Rd6 a4 38. Bxd5+ Bxd5 39. Rxd5 a3 40. Ra5 a2 41. Ra8+ Kf7 42. Ra7+ Kg6 43. Ra6+ Kh5 44. g4+ Kxg4 45. Ra7 Kf3 0-1

[Event "Berlin-ch Seniors op 24th"]
[Site "Berlin"]
[Date "2008.02.23"]
[Round "3"]
[White "Weigelt, Reinhard"]
[Black "Kohlstadt Erlebach, Paul"]
[Result "0-1"]
[WhiteElo "1818"]
[BlackElo "1749"]
[PlyCount "100"]
[EventDate "2008.02.21"]
[EventType "swiss"]
[EventRounds "9"]
[EventCountry "GER"]
[SourceTitle "EXT 2022"]
[Source "ChessBase"]
[SourceDate "2021.10.06"]
[SourceVersion "1"]
[SourceVersionDate "2021.10.06"]
[SourceQuality "1"]

1. e4 Nf6 2. e5 Nd5 3. Nc3 Nxc3 4. bxc3 d6 5. f4 dxe5 6. fxe5 Nc6 7. d4 Bf5 8. Nf3 e6 9. Bd3 Bg6 10. 0-0 Be7 11. Be3 a6 12. Qd2 Bxd3 13. cxd3 h6 14. Rf2 Qd7 15. Rb1 Rb8 16. Rbf1 f5 17. exf6 Bxf6 18. Bf4 0-0 19. Ne5 Bxe5 20. Bxe5 Rxf2 21. Rxf2 Nxe5 22. dxe5 Rd8 23. Rf3 Qd5 24. d4 Qxe5 25. Re3 Qd5 26. Qe2 Re8 27. h3 c6 28. Re5 Qd7 29. Qe4 Qf7 30. a4 Qf6 31. c4 Rf8 32. Qe2 Qf4 33. Re4 Qf6 34. Rg4 Rd8 35. Qe3 Rf8 36. Kh2 Kh8 37. a5 Qf7 38. Qe5 Qf6 39. Qd6 Rd8 40. Qc5 Qf8 41. Qh5 Qf6 42. Qc5 Qf8 43. Qb6 Qd6+ 44. Kg1 Rd7 45. Qa7 e5 46. Qa8+ Kh7 47. Qe8 exd4 48. Qe4+ g6 49. h4 d3 50. Qe8 d2 0-1

[Event "Berlin-ch Seniors op 24th"]
[Site "Berlin"]
[Date "2008.02.22"]
[Round "2"]
[White "Lueders, Gerhard"]
[Black "Weigelt, Reinhard"]
[Result "1-0"]
[WhiteElo "2183"]
[BlackElo "1818"]
[PlyCount "45"]
[EventDate "2008.02.21"]
[EventType "swiss"]
[EventRounds "9"]
[EventCountry "GER"]
[SourceTitle "EXT 2022"]
[Source "ChessBase"]
[SourceDate "2021.10.06"]
[SourceVersion "1"]
[SourceVersionDate "2021.10.06"]
[SourceQuality "1"]

1. d4 f5 2. g4 d5 3. g5 Nc6 4. Nf3 Qd6 5. b3 e5 6. Ba3 Qe6 7. Bxf8 Kxf8 8. dxe5 Nxe5 9. Bg2 Nxf3+ 10. Bxf3 Ne7 11. Qd4 c6 12. c4 Kf7 13. cxd5 Nxd5 14. Bh5+ Kg8 15. Nc3 g6 16. Bf3 Nxc3 17. Qxc3 Qe7 18. h4 Be6 19. Rd1 Kf7 20. h5 Rhd8 21. hxg6+ Kxg6 22. Bh5+ Kxg5 23. Qg3+ 1-0